00289nam a2200121Ia 4500008004100000041000900041082001500050100002000065245002600085260004000111300000800151650000800159230718s9999 xx 000 0 und d aEng. a241bMOD-M aModi Jenising P 0aMedical and Toxindoff aPakistanbLexus Nexis Publin c2005 a792 aLaw